Diagnóstico de los niveles de iluminancia del edificio de EIE cumpliendo con la norma INTECO
Guardado en:
| Hovedforfatter: | |
|---|---|
| Andre forfattere: | |
| Format: | Bog |
| Sprog: | Spanish |
| Udgivet: |
[San José, Costa Rica]
2013
|
| Fag: | |
| Tags: |
Tilføj Tag
Ingen Tags, Vær først til at tagge denne postø!
|
MARC
| LEADER | 00000nam a22000007a 4500 | ||
|---|---|---|---|
| 003 | 011836 | ||
| 005 | 20230816093519.0 | ||
| 008 | 150320b2013 c a|||| |||| 00| 0 spa d | ||
| 040 | |c cru CEDI | ||
| 100 | |9 1065 |a Cubero Hernández, Wargner Gustavo, 1980- | ||
| 245 | |a Diagnóstico de los niveles de iluminancia del edificio de EIE cumpliendo con la norma INTECO | ||
| 260 | |a [San José, Costa Rica] |c 2013 | ||
| 300 | |a xii, 207 hojas : ilustraciones (algunas a color) | ||
| 500 | |a Proyecto de graduación (bachillerato en ingeniería eléctrica)--Universidad de Costa Rica. Facultad de Ingeniería. Escuela de Ingeniería Eléctrica | ||
| 501 | |a Profesor Guía de IE-0499 Proyecto Eléctrico: Lic. Tony Eduardo Delgado Carvajal | ||
| 650 | |x ALUMBRADO ELECTRICO |x ALUMBRADO ARQUITECTONICO |x INSTALACIONES ELECTRICAS |x RADIOMETRIA |x FOTOMETRIA |9 639 | ||
| 700 | |9 723 |a Delgado Carvajal, Tony Eduardo, 1986- |d Director de Proyecto Eléctrico | ||
| 942 | |c CEDI |h TFG 7005 |6 TFG_7005_000000000000000 | ||
| 999 | |c 13779 |d 13779 | ||
